00741nam a2200229 i 4500001000700000003000900007005001700016007000300033008004100036020001800077080002100095100002900116245011800145260003500263300002200298490003100320500004300351700003000394740002400424830003000448852003300478113262ES-MaACL20250717063030.0t|070221s1979 sp ||||1| spa d a84-376-0171-1 a821.134.2-23"19"1 aSastre, Alfonso, d1926-10aM. S. V. (o La Sangre y la ceniza) ; Crónicas romanas / cAlfonso Sastre ; edición de Magda Ruggeri Marhetti. aMadrid : bCátedra, c[1979] a420 p. ; c18 cm.1 aLetras hispánicas ; v88 aBiblioteca Jacinto Martínez Lacalle.1 aRuggeri Marchetti, Magda.0 aCrónicas romanas.00aLetras hispánicas ;v88 aES-MaACLjE-11621 bR.139645